000 02436nam a2200373 i 4500
003 EG-GICUC
005 20260425105012.0
008 260425s2010 ua |||fr|||| 00| 0 Ara d
017 _a33211/2007
040 _a EG-GICUC
_bara
_c EG-GICUC
_d EG-GICUC
_erda
041 0 _aAra
082 0 4 _221
_a343.4
_bص ب . م
092 0 4 _221
099 _aLaw1 10 343.4 ص ب . م 2010
100 0 _aصبرى محمود الراعى
_eمؤلف.
245 1 2 _aالموسوعة الماسية فى التشريعات الجنائية الخاصة.
_nالمجلد الأول،
_pالمحاكم الجنائية الاقتصادية - الوزن والقياس والكيل - مكافحة غسل الأموال - الإحصاء والتعداد - مراقبة الأغذية وتنظيم تداولها - محال بيع العاديات والسلع السياحية -تنظيم أعمال الوكالة التجارية وبعض أعمال الوساطة - المحاسبة الحكومية - تنظيم الإعفاءات الجمركية - تنظيم تجارة الأدوية - قمع التدليس والغش - حماية المستهلك - تنظيم البورصة وهيئة سوق رأس المال - - الثروة السمكية - تنمية التصدير - إنشاء وتنظيم الجهاز المركزي للتعبئة العامة والإحصاء /
_cتأليف مستشار صبرى محمود الراعى، د / إبراهيم الياس، أ / سعيد عبدالخالق، أ /حسين الجمال، أ / حمدى خليفة.
250 _aالطبعة الأولى
264 1 _aالقاهرة :
_bإيجيت للإصدارات القانونية والبرمجيات القانونية،
_c2010.
300 _a601 ؛صفحة
_c24 سم.
336 _2rda content
_atext
337 _2rda media
_aComputer
338 _2rda carrier
_aOnline Resource
546 _aالنص باللغة العربية
650 1 _aالتشريعات الجنائية الخاصة
_2qrmak
650 1 _aالقانون الجنائى
_2qrmak
651 1 _2qrmak
700 0 _aإبراهيم الياس
_eمؤلف مشارك.
700 0 _aسعيد عبدالخالق
_eمؤلف مشارك.
700 0 _aحسين الجمال
_eمؤلف مشارك.
700 0 _aحمدى خليفة
_eمؤلف مشارك.
856 4 0 _uhttps://fll.law.cu.edu.eg/fulltext/bks/B10-10773.pdf
905 _a54
942 _2ddc
_cBK
_e21
_n0
999 _c73316
_d73316